[Event "Kimry-ch"]
[Site "Kimry"]
[Date "2004.??.??"]
[Round "3"]
[White "Evdokimov, Sergey"]
[Black "Pakhteev, Yury"]
[Result "1/2-1/2"]
[WhiteElo "2125"]
[BlackElo "2327"]
[PlyCount "58"]
[EventDate "2004.??.??"]
[EventType "swiss"]
[EventRounds "9"]
[EventCountry "RUS"]
[SourceTitle "EXT 2005"]
[Source "ChessBase"]
[SourceDate "2004.11.15"]
[SourceVersion "1"]
[SourceVersionDate "2004.11.15"]
[SourceQuality "1"]

1. d4 c5 2. e4 e6 3. Nf3 cxd4 4. Nxd4 a6 5. Nc3 Qc7 6. g3 Nf6 7. Bg2 Nc6 8. Be3 Be7 9. 0-0 d6 10. Re1 0-0 11. Qe2 Bd7 12. Rad1 b5 13. Bc1 b4 14. Nb1 Nxd4 15. Rxd4 Bb5 16. Qd1 a5 17. c3 e5 18. Rd2 Rfc8 19. Rc2 a4 20. b3 axb3 21. axb3 Ra1 22. Bb2 Rxb1 23. Qxb1 Bd3 24. Re3 Bxc2 25. Qxc2 Ra8 26. Re2 Qb6 27. cxb4 Qxb4 28. Qc3 Qb5 29. Rc2 Rb8 1/2-1/2

[Event "Kimry op"]
[Site "Kimry"]
[Date "2003.??.??"]
[Round "2"]
[White "Borzov, Vladimir"]
[Black "Evdokimov, Sergey"]
[Result "0-1"]
[WhiteElo "2141"]
[BlackElo "2125"]
[PlyCount "78"]
[EventDate "2003.??.??"]
[EventType "swiss"]
[EventRounds "9"]
[EventCountry "RUS"]
[SourceTitle "EXT 2006"]
[Source "ChessBase"]
[SourceDate "2005.11.24"]
[SourceVersion "1"]
[SourceVersionDate "2005.11.24"]
[SourceQuality "1"]

1. e4 d5 2. e5 c5 3. Bb5+ Nc6 4. Nf3 Bf5 5. 0-0 e6 6. Re1 Nge7 7. d4 a6 8. Bf1 cxd4 9. Nxd4 Nxd4 10. Qxd4 Bxc2 11. Bg5 h6 12. Bh4 Qa5 13. Na3 Nf5 14. Qf4 g5 15. Bxg5 hxg5 16. Qxg5 Bxa3 17. bxa3 Qd8 18. Qd2 Qh4 19. h3 Ba4 20. Rac1 Bc6 21. Qa5 0-0 22. Bd3 Ne7 23. Re3 Ng6 24. Rg3 Qh6 25. Re1 d4 26. Be4 Bxe4 27. Rxe4 Rad8 28. Qb6 Qc1+ 29. Kh2 Qc6 30. Qb1 d3 31. Reg4 Kh7 32. Qe1 d2 33. Qe3 d1Q 34. Qg5 Qxg4 35. hxg4 Rfe8 36. f4 Qc1 37. Qf6 Qxf4 38. Qxf4 Nxf4 39. Rf3 Rd4 0-1

[Event "Kimry op"]
[Site "Kimry"]
[Date "2003.??.??"]
[Round "3"]
[White "Evdokimov, Sergey"]
[Black "Shugaev, Sergey"]
[Result "1/2-1/2"]
[WhiteElo "2125"]
[BlackElo "2100"]
[PlyCount "25"]
[EventDate "2003.??.??"]
[EventType "swiss"]
[EventRounds "9"]
[EventCountry "RUS"]
[SourceTitle "EXT 2006"]
[Source "ChessBase"]
[SourceDate "2005.11.24"]
[SourceVersion "1"]
[SourceVersionDate "2005.11.24"]
[SourceQuality "1"]

1. e4 c6 2. Nc3 d5 3. Nf3 dxe4 4. Nxe4 Bg4 5. h3 Bxf3 6. Qxf3 Nd7 7. d4 Ngf6 8. Bc4 e6 9. Ng3 Nb6 10. Qd3 Nxc4 11. Qxc4 Qd5 12. Qxd5 Nxd5 13. c3 1/2-1/2